000 00574nam a2200229Ia 4500
003 OSt
005 20220918175805.0
006 a|||||r|||| 00| 0
007 ta
008 220917b |||||||| |||| 00| 0 eng d
024 _a18,936
037 _cTextual
040 _aARTS
_cARTS
_beng
041 _2eng
_aeng
082 _aO:1:90S:43, H9 (TO)
100 _aBowra C M.
_96095
245 0 _aRomantic imagination
260 _c1979
650 _aENGLISH LITERATURE
942 _hO:1:90S:43, H9 (TO)
_cTEXL
_2CC
999 _c158974
_d158974